000 00235nam a2200097Ia 4500
008 231107s1990 xx 000 0 und d
041 _aeng
100 _aMiyake R.
245 _aGA Document 19
260 _aTokyo
_bA.D.A. Editta pub.
_c1990
999 _c924367
_d924367